000 01502nam a2200457 c 4500
001 52124
003 ES-MaCES
005 20250203133800.0
008 220218s2019 sp 000 | spa d
017 _aB 21784-2019
_bDL
020 _a9788491991458
040 _aES-MaCES
_bspa
_cES-MaCES
041 1 _aspa
_heng
100 1 _aFrankopan, Peter
_940187
245 1 4 _aLas nuevas Rutas de la Seda
_b: presente y futuro del mundo
_cPeter Frankopan ; trad. castellana de Luis Noriega
250 _a1ª ed
260 _aBarcelona
_bCrítica
_c2019
300 _a366 p.
_c23 cm
490 1 _aSerie mayor
500 _aTraducción de : The new silk roads, the present and future of the world
500 _aÍndices
541 _cCompra
650 4 _aAsia
_926905
650 4 _arecursos naturales
_928718
650 4 _agas
_927777
650 4 _apetróleo
_927782
650 4 _adesarrollo político
_929225
650 4 _apolítica exterior
_926687
650 4 _anuevo orden económico internacional
_929223
650 4 _arelaciones internacionales
_926675
650 4 _ageografía política
_928776
650 4 _ahistoria
_927251
650 4 _afuturo
_928901
653 1 0 _aCiencias Sociales-Políticas
700 1 _940190
_aNoriega, Luis
_etr.
730 0 _aSerie mayor (Editorial Crítica)
_934612
740 4 2 _aThe new silk roads, the present and future of the world
830 0 _934612
_aSerie mayor (Editorial Crítica)
902 _aLIB Libro
942 _2CES
_cBK
_h7.0.
999 _c52124
_d52124